Nulladik évfolyam.
Elmentve itt :
| Dokumentumtípus: | Cikk |
|---|---|
| Megjelent: |
1997-09-01
|
| Sorozat: | Délmagyarország
|
| Kulcsszavak: | Oktatás, újságíróképzés, nulladik évfolyam |
| Online Access: | http://univ.bibl.u-szeged.hu/23551 |
| LEADER | 00451nab a2200157 i 4500 | ||
|---|---|---|---|
| 001 | univ23551 | ||
| 005 | 20171214104820.0 | ||
| 008 | 171214s1997 hu o 0|| zxx d | ||
| 040 | |a SZTE UnivHistória Repozitórium |b hun | ||
| 041 | |a zxx | ||
| 245 | 0 | 0 | |a Nulladik évfolyam. |h [elektronikus dokumentum] |
| 260 | |c 1997-09-01 | ||
| 300 | |a 6 | ||
| 490 | 0 | |a Délmagyarország | |
| 561 | |a Egyetemi hirarchívum | ||
| 695 | |a Oktatás, újságíróképzés, nulladik évfolyam | ||